| 000 | 00844pam a2200253 a 4500 | ||
|---|---|---|---|
| 999 |
_c510 _d510 |
||
| 001 | 2825 | ||
| 003 | BD-DhUAP | ||
| 005 | 20200123101606.0 | ||
| 008 | 200123s1994 nyu b 000 0 eng | ||
| 010 | _a 95001700 | ||
| 020 | _a1560247266 | ||
| 040 |
_aDLC _cDLC _dBD-DhUAP |
||
| 050 | 0 | 0 |
_aRC488.5 _b.E86 1994 |
| 082 | 0 | 0 |
_a174.2 ETH _223 |
| 245 | 0 | 0 |
_aEthical issues in feminist family therapy / _cMaryhelen Snyder, editor. |
| 260 |
_aNew York : _bHaworth Press, _cc1994. |
||
| 300 |
_a83 pages ; _c23 cm. |
||
| 504 | _aIncludes bibliographical references. | ||
| 650 | 0 |
_aFamily psychotherapy _xMoral and ethical aspects. |
|
| 650 | 0 |
_aFeminist therapy _xMoral and ethical aspects. |
|
| 700 | 1 | _aSnyder, Maryhelen. | |
| 942 |
_2ddc _cBK |
||